书目信息 |
| 题名: |
电路与电子技术
|
|
| 作者: | 张建碧 , 王万刚 主编 | |
| 分册: | ||
| 出版信息: | 北京 电子工业出版社 2016.08 |
|
| 页数: | 11,287页 | |
| 开本: | 26cm | |
| 丛书名: | ||
| 单 册: | ||
| 中图分类: | TM13 , TN01 | |
| 科图分类: | ||
| 主题词: | 电路理论--高等学校--教材 , 电子技术--高等学校--教材 | |
| 电子资源: | ||
| ISBN: | 978-7-121-29566-9 | |
| 000 | 01175nam0 2200301 450 | |
| 001 | 0120161995092 | |
| 005 | 20170327083917.09 | |
| 010 | @a978-7-121-29566-9@dCNY43.00 | |
| 100 | @a20160919d2016 em y0chiy50 ea | |
| 101 | 0 | @achi |
| 102 | @aCN@b110000 | |
| 105 | @aak z 000yy | |
| 106 | @ar | |
| 200 | 1 | @a电路与电子技术@9dian lu yu dian zi ji shu@f张建碧,王万刚主编 |
| 205 | @a2版 | |
| 210 | @a北京@c电子工业出版社@d2016.08 | |
| 215 | @a11,287页@c图@d26cm | |
| 300 | @a全国高等院校规划教材·精品与示范系列 院校精品课配套教材 全国高等职业教育“十二五”规划教材 中国电子教育学会推荐教材 | |
| 330 | @a本书注重各行业技术发展和职业岗位技能需求,主要内容包括:电路的基本概念和基本定律,直流电阻性电路的分析,正弦交流电路,三相交流电路,变压器,RLC谐振电路,常用低压电器及控制电路,半导体器件,基本放大电路,集成运算放大电路,正弦波振荡电路,直流稳压电源等。 | |
| 333 | @a高职 | |
| 606 | 0 | @a电路理论@x高等学校@j教材 |
| 606 | 0 | @a电子技术@x高等学校@j教材 |
| 690 | @aTM13@v5 | |
| 690 | @aTN01@v5 | |
| 701 | 0 | @a张建碧@9zhang jian bi@4主编 |
| 701 | 0 | @a王万刚@9wang wan gang@4主编 |
| 801 | 0 | @aCN@b人天书店@c20160919 |
| 905 | @b980953-56@dTM13@e162=2@f4 | |
| 电路与电子技术/张建碧,王万刚主编.-2版.-北京:电子工业出版社,2016.08 |
| 11,287页:图;26cm |
| 全国高等院校规划教材·精品与示范系列 院校精品课配套教材 全国高等职业教育“十二五”规划教材 中国电子教育学会推荐教材.-使用对象:高职 |
| ISBN 978-7-121-29566-9:CNY43.00 |
| 本书注重各行业技术发展和职业岗位技能需求,主要内容包括:电路的基本概念和基本定律,直流电阻性电路的分析,正弦交流电路,三相交流电路,变压器,RLC谐振电路,常用低压电器及控制电路,半导体器件,基本放大电路,集成运算放大电路,正弦波振荡电路,直流稳压电源等。 |
| ● |
| 相关链接 |
|
|
|
|
正题名:电路与电子技术
索取号:TM13/162=2
 
预约/预借
| 序号 | 登录号 | 条形码 | 馆藏地/架位号 | 状态 | 备注 |
| 1 | 980953 | 209809536 | 第二样本阅览室/ [索取号:TM13/162=2] | 在馆 | |
| 2 | 980954 | 209809545 | 第三借阅区/ [索取号:TM13/162=2] | 在馆 | |
| 3 | 980955 | 209809554 | 第三借阅区/ [索取号:TM13/162=2] | 在馆 | |
| 4 | 980956 | 209809563 | 密集书库-物理学院/ [索取号:TM13/162=2] | 在馆 |